[Event "LSS SN-2009-0-00158"]
[Site "LSS email"]
[Date "2009.06.08"]
[Round "?"]
[White "Vontina, Maria"]
[Black "Ivahnenko, Dmitry"]
[Result "1-0"]
[WhiteElo "605"]
[BlackElo "724"]
[PlyCount "97"]
[EventDate "2009.05.12"]
[EventType "tourn (corr)"]
[EventRounds "6"]
[EventCountry "GER"]
[SourceTitle "Corr 2011"]
[Source "ChessBase"]
[SourceDate "2010.08.31"]
[SourceVersion "1"]
[SourceVersionDate "2010.08.31"]
[SourceQuality "1"]

1. e4 c5 2. Nf3 d6 3. d4 cxd4 4. Nxd4 e5 5. Nb5 Nf6 6. Bg5 Be7 7. N1c3 Be6 8. Be2 0-0 9. 0-0 a6 10. Na3 Nbd7 11. Qd2 Nc5 12. Rad1 Ncxe4 13. Nxe4 Nxe4 14. Bxe7 Qxe7 15. Qe3 Nf6 16. b3 Rad8 17. c4 d5 18. cxd5 Bxd5 19. Nc4 h6 20. Rc1 Be6 21. Rfd1 Ng4 22. Bxg4 Bxg4 23. f3 Bf5 24. Qxe5 Qxe5 25. Nxe5 Rde8 26. Nd7 Bxd7 27. Rxd7 Rd8 28. Rcc7 b5 29. Kf2 g5 30. h3 Kg7 31. Ra7 Rfe8 32. Rxf7+ Kg6 33. Rg7+ Kh5 34. Rxa6 Rd2+ 35. Kf1 Rc8 36. Re7 Kh4 37. Re2 Rdc2 38. Rxh6+ Kg3 39. Rhe6 Rc1+ 40. Re1 R8c2 41. R6e2 Rxe1+ 42. Kxe1 Rc1+ 43. Kd2 Ra1 44. Kc3 Rg1 45. Kb4 Rxg2 46. Rxg2+ Kxg2 47. a4 bxa4 48. bxa4 Kxf3 49. a5 1-0

[Event "LSS ZN-2009-0-00638"]
[Site "LSS email"]
[Date "2009.06.07"]
[Round "?"]
[White "Ivahnenko, Dmitry"]
[Black "Meszaros, Attila Jr"]
[Result "1-0"]
[WhiteElo "712"]
[BlackElo "561"]
[PlyCount "33"]
[EventDate "2009.06.05"]
[EventType "match (corr)"]
[EventRounds "2"]
[EventCountry "GER"]
[SourceTitle "Corr 2011"]
[Source "ChessBase"]
[SourceDate "2010.08.31"]
[SourceVersion "1"]
[SourceVersionDate "2010.08.31"]
[SourceQuality "1"]

1. e4 e5 2. f4 Nc6 3. Nf3 d6 4. Bb5 Bd7 5. d4 Qe7 6. Nc3 exd4 7. Nxd4 Nxd4 8. Qxd4 Nf6 9. a4 Bxb5 10. Nxb5 g6 11. 0-0 Bg7 12. Qe3 0-0 13. h3 Rfe8 14. e5 dxe5 15. fxe5 Nd5 16. Qg3 Bxe5 17. Qg5 1-0

[Event "LSS SN-2009-0-00158"]
[Site "LSS email"]
[Date "2009.06.07"]
[Round "?"]
[White "Jokmin, Guido"]
[Black "Ivahnenko, Dmitry"]
[Result "1-0"]
[WhiteElo "834"]
[BlackElo "724"]
[PlyCount "53"]
[EventDate "2009.05.12"]
[EventType "tourn (corr)"]
[EventRounds "6"]
[EventCountry "GER"]
[SourceTitle "Corr 2011"]
[Source "ChessBase"]
[SourceDate "2010.08.31"]
[SourceVersion "1"]
[SourceVersionDate "2010.08.31"]
[SourceQuality "1"]

1. d4 Nf6 2. c4 e6 3. Nc3 Bb4 4. Qc2 d5 5. Nf3 Nc6 6. Bd2 0-0 7. e3 g6 8. Bd3 a6 9. a3 Bxc3 10. Bxc3 Bd7 11. 0-0 Rc8 12. Ne5 Ne7 13. Bd2 Nf5 14. e4 Nh4 15. Bh6 Re8 16. cxd5 exd5 17. exd5 Nxd5 18. Rfe1 b6 19. Qe2 f6 20. Qd2 fxe5 21. Bg5 Nf3+ 22. gxf3 Nf6 23. dxe5 Be6 24. Bxf6 Qd5 25. Qh6 Qd7 26. Bxg6 hxg6 27. Qh8+ 1-0

[Event "LSS RN-2009-0-00215"]
[Site "LSS email"]
[Date "2009.06.07"]
[Round "?"]
[White "Vontina, Maria"]
[Black "Ivahnenko, Dmitry"]
[Result "1-0"]
[WhiteElo "605"]
[BlackElo "724"]
[PlyCount "51"]
[EventDate "2009.05.24"]
[EventType "tourn (corr)"]
[EventRounds "6"]
[EventCountry "GER"]
[SourceTitle "Corr 2011"]
[Source "ChessBase"]
[SourceDate "2010.08.31"]
[SourceVersion "1"]
[SourceVersionDate "2010.08.31"]
[SourceQuality "1"]

1. d4 g6 2. c4 Nf6 3. Nc3 Bg7 4. e4 0-0 5. Nf3 c6 6. Bg5 h6 7. Bh4 d5 8. cxd5 cxd5 9. e5 Ne4 10. Bd3 Nxc3 11. bxc3 Qa5 12. Qb3 Nd7 13. Bxe7 Re8 14. Bd6 Bf8 15. Bxf8 Rxf8 16. 0-0 a6 17. Nd2 b5 18. f4 Nb6 19. Qc2 Bf5 20. Nb3 Qa4 21. Bxf5 Nc4 22. Rf3 gxf5 23. Qxf5 f6 24. Qg6+ Kh8 25. Qxh6+ Kg8 26. Qg6+ 1-0

[Event "LSS OP-2007-0-00244"]
[Site "LSS email"]
[Date "2007.02.12"]
[Round "?"]
[White "Ivahnenko, Dmitry"]
[Black "Firlik, Dariusz"]
[Result "1-0"]
[WhiteElo "684"]
[BlackElo "800"]
[PlyCount "27"]
[EventDate "2007.02.11"]
[EventType "tourn (corr)"]
[EventRounds "4"]
[EventCountry "GER"]
[SourceTitle "Corr 2015"]
[Source "ChessBase"]
[SourceDate "2015.07.17"]
[SourceVersion "1"]
[SourceVersionDate "2015.07.17"]
[SourceQuality "1"]

1. e4 e5 2. Nf3 d6 3. d4 exd4 4. Nxd4 c5 5. Nb3 Be6 6. Bb5+ Nc6 7. Nc3 Bxb3 8. axb3 Nge7 9. 0-0 a6 10. Bxc6+ bxc6 11. Bf4 d5 12. e5 d4 13. Ne4 Nd5 14. g3 1-0

[Event "ZN-2007-0-00179"]
[Site "LSS email"]
[Date "2007.01.09"]
[Round "?"]
[White "Ivahnenko, Dmitry"]
[Black "Yangibayev, N."]
[Result "0-1"]
[WhiteElo "800"]
[BlackElo "741"]
[PlyCount "54"]
[EventDate "2007.01.08"]
[EventType "match (corr)"]
[EventRounds "2"]
[EventCountry "GER"]
[SourceTitle "Corr 2022"]
[Source "ChessBase"]
[SourceDate "2021.10.24"]
[SourceVersion "1"]
[SourceVersionDate "2021.10.24"]
[SourceQuality "1"]

1. e4 c5 2. Nf3 d6 3. d4 cxd4 4. Nxd4 Nf6 5. Nc3 g6 6. Bb5+ Nbd7 7. Bg5 Bg7 8. Qd2 0-0 9. 0-0 Ne5 10. f3 a6 11. Ba4 Nc4 12. Qc1 Ne5 13. Bb3 Bd7 14. Bxf6 Bxf6 15. Bd5 Qb6 16. Rd1 Bc6 17. Bxc6 bxc6 18. Kh1 Nc4 19. b3 Bxd4 20. Na4 Qa5 21. Rxd4 Ne5 22. h3 Nd7 23. Qe1 Qg5 24. Rad1 Nf6 25. c4 Nh5 26. Kg1 Nf4 27. Nb6 Qxg2# 0-1

[Event "ZN-2007-0-00178"]
[Site "LSS email"]
[Date "2007.01.08"]
[Round "?"]
[White "Yangibayev, N."]
[Black "Ivahnenko, Dmitry"]
[Result "0-1"]
[WhiteElo "741"]
[BlackElo "800"]
[PlyCount "48"]
[EventDate "2007.01.08"]
[EventType "match (corr)"]
[EventRounds "2"]
[EventCountry "GER"]
[SourceTitle "Corr 2022"]
[Source "ChessBase"]
[SourceDate "2021.10.24"]
[SourceVersion "1"]
[SourceVersionDate "2021.10.24"]
[SourceQuality "1"]

1. e4 e5 2. f4 exf4 3. Nf3 g6 4. d4 Bh6 5. Bc4 c6 6. Nc3 Nf6 7. Bd2 0-0 8. 0-0 d5 9. Bd3 Bg4 10. h3 Bh5 11. e5 Nfd7 12. Qc1 Bxf3 13. Rxf3 Qb6 14. Bxf4 Bg7 15. Ne2 Na6 16. c3 c5 17. a3 cxd4 18. cxd4 Bxe5 19. Kh1 Bxd4 20. Qf1 Be5 21. Bh6 Bg7 22. Bg5 Ndc5 23. Bc2 Qxb2 24. Be7 Rfe8 0-1

[Event "LSS OP-2007-0-00214"]
[Site "LSS email"]
[Date "2007.01.02"]
[Round "?"]
[White "Ivahnenko, Dmitry"]
[Black "Meszaros, Attila Jr"]
[Result "1/2-1/2"]
[WhiteElo "684"]
[BlackElo "506"]
[PlyCount "28"]
[EventDate "2007.01.01"]
[EventType "tourn (corr)"]
[EventRounds "4"]
[EventCountry "GER"]
[SourceTitle "Corr 2015"]
[Source "ChessBase"]
[SourceDate "2015.07.17"]
[SourceVersion "1"]
[SourceVersionDate "2015.07.17"]
[SourceQuality "1"]

1. e3 Nc6 2. Bb5 Nf6 3. Bxc6 dxc6 4. Nf3 Bg4 5. h3 Bxf3 6. Qxf3 e5 7. Nc3 Nd5 8. e4 Nxc3 9. bxc3 Bd6 10. 0-0 0-0 11. d4 exd4 12. cxd4 c5 13. d5 Be5 14. Rb1 b6 1/2-1/2

[Event "IECG OP.2007.0.00214 email"]
[Site "IECG email"]
[Date "2007.01.01"]
[Round "?"]
[White "Bruinsma, Monique"]
[Black "Ivahnenko, Dmitry"]
[Result "1-0"]
[WhiteElo "1623"]
[BlackElo "800"]
[PlyCount "31"]
[EventDate "2007.01.01"]
[EventType "tourn (corr)"]
[EventRounds "6"]
[SourceTitle "Corr 2008"]
[Source "ChessBase"]
[SourceDate "2008.06.24"]
[SourceVersion "1"]
[SourceVersionDate "2008.06.24"]
[SourceQuality "1"]

1. e4 e5 2. Nc3 c6 3. Nf3 Qe7 4. d4 Nf6 5. dxe5 Ng4 6. Bf4 Qc5 7. Qd2 Na6 8. h3 Nh6 9. Be2 Be7 10. a3 d6 11. Na4 Be6 12. Nxc5 Nxc5 13. exd6 Bf6 14. e5 Bxe5 15. Bxe5 Nf5 16. g4 1-0

[Event "IECG OP.2007.0.00214 email"]
[Site "IECG email"]
[Date "2007.01.01"]
[Round "?"]
[White "Ivahnenko, Dmitry"]
[Black "Kerekgyarto, Ference"]
[Result "0-1"]
[WhiteElo "800"]
[BlackElo "800"]
[PlyCount "58"]
[EventDate "2007.01.01"]
[EventType "tourn (corr)"]
[EventRounds "6"]
[SourceTitle "Corr 2008"]
[Source "ChessBase"]
[SourceDate "2008.06.24"]
[SourceVersion "1"]
[SourceVersionDate "2008.06.24"]
[SourceQuality "1"]

1. d3 e5 2. Nf3 d6 3. e4 Nf6 4. Nc3 Be7 5. Be2 0-0 6. 0-0 c5 7. Bg5 Nc6 8. a3 Be6 9. b3 d5 10. Qd2 d4 11. Na4 b6 12. b4 cxb4 13. axb4 Bxb4 14. c3 dxc3 15. Nxc3 Nd4 16. Bd1 Nxf3+ 17. Bxf3 Qd4 18. Be3 Qxc3 19. Rfd1 Bb3 20. Rdb1 Qxa1 21. Rxa1 Bxd2 22. Bxd2 Bc2 23. Bd1 Bxd3 24. f3 a5 25. Rc1 a4 26. Rc3 Bxe4 27. Rc4 Rfd8 28. Bxa4 Rxd2 29. Bc6 Bxc6 0-1